000 01088nam a2200337 a 4500
001 86326
003 BD-RjUL
005 20260428140233.0
008 260407s2019 nyu ob 001 0 eng
020 _a9781315146119
_qebk
020 _a9781351380690
_qepub
020 _a9781351380706
_qpdf
020 _z9781138504578 (hbk)
035 _a(BD-RjUL)86326
040 _aDLC
_beng
_erda
_cDLC
_dDLC
_dBD-RjUL
041 _aeng
082 0 0 _223
_a401
_bLYP 2019
100 1 _aLycan, William G.,
_eauthor.
_918038
245 1 0 _aPhilosophy of language /
_cWilliam G. Lycan.
250 _a3rd edition.
264 1 _aNew York :
_bRoutledge,
_c2019.
300 _a238 p.;
_c24 cm.
336 _atext
_2rdacontent
337 _acomputer
_2rdamedia
338 _aonline resource
_2rdacarrier
490 0 _aRoutledge contemporary introductions to philosophy
504 _aIncludes bibliographical references and index.
588 _aDescription based on print version record and CIP data provided by publisher.
650 0 _aLanguage and languages
_xPhilosophy.
_910501
942 _2ddc
_cBK
999 _c86326
_d86326